La Corte Internacional de Justicia / (Registro nro. 18914)

Detalles MARC
000 -LEADER
fixed length control field 01023nam a2200277 4500
001 - CONTROL NUMBER
control field 0000013592
003 - CONTROL NUMBER IDENTIFIER
control field CO-CtgCURN
005 - DATE AND TIME OF LATEST TRANSACTION
control field 20250509165747.0
008 - FIXED-LENGTH DATA ELEMENTS--GENERAL INFORMATION
fixed length control field 160627s1988 000 0 eng d
020 ## - INTERNATIONAL STANDARD BOOK NUMBER
International Standard Book Number 8482723030
040 ## - CATALOGING SOURCE
Original cataloging agency CO-CtgCURN
Language of cataloging spa
Transcribing agency coctgcurn
082 0# - DEWEY DECIMAL CLASSIFICATION NUMBER
Classification number 341.552
Item number M912
100 1# - MAIN ENTRY--PERSONAL NAME
Personal name Mosquera Irurita, Tito.
245 13 - TITLE STATEMENT
Title La Corte Internacional de Justicia /
Statement of responsibility, etc. Tito Mosquera Irurita.
260 ## - PUBLICATION, DISTRIBUTION, ETC.
Place of publication, distribution, etc. Bogotá :
Name of publisher, distributor, etc. Temis,
Date of publication, distribution, etc. 1988.
300 ## - PHYSICAL DESCRIPTION
Extent x, 131 p.
336 ## - CONTENT TYPE
Source rdacontent
337 ## - MEDIA TYPE
Source rdamedia
Media type term sin mediacion
Media type code n
338 ## - CARRIER TYPE
Source rdacarrier
Carrier type term volumen
Carrier type code nc
504 ## - BIBLIOGRAPHY, ETC. NOTE
Bibliography, etc. note Bibliografia (p. [135])
505 8# - FORMATTED CONTENTS NOTE
Formatted contents note La solucion pacifica de las controversias.--De los medios jurídicos: arbitraje y solucion judicial.--La corte internacional de justicia.--El procedimiento contencioso.--El procedimiento consultivo
610 20 - SUBJECT ADDED ENTRY--CORPORATE NAME
Corporate name or jurisdiction name as entry element Corte Penal Internacional.
908 ## - PUT COMMAND PARAMETER (RLIN)
Put command parameter 160627
942 ## - ADDED ENTRY ELEMENTS (KOHA)
Koha item type Libros
Classification part 341.552
Item part M912
Source of classification or shelving scheme Dewey Decimal Classification
Suppress in OPAC No
Existencias
Withdrawn status Lost status Source of classification or shelving scheme Damaged status Not for loan Collection Home library Current library Shelving location Date acquired Inventory number Total checkouts Full call number Barcode Date last seen Copy number Price effective from Koha item type Public note
    Dewey Decimal Classification     General Miguel Henríquez Castañeda Miguel Henríquez Castañeda General 03/04/2019 003673   341.552 M912 003673 03/04/2019 ej.1 03/04/2019 Libros 340-DEREC